Baroque & rococo architecture.

Bibliographic Details
Main Author: Millon, Henry A.
Format: Book
Language:English
Published: New York : G. Braziller, 1961.
Series:Great ages of world architecture.
Subjects:

MARC

Tag First Indicator Second Indicator Subfields
LEADER 00000cam a22000001 4500
001 in00000193821
005 20151009052242.0
008 720420s1961 nyua b 00000 eng
010 |a  61015492  
035 |a (OCoLC)00512724 
035 |9 AAV9800AM 
040 |a DLC  |c DLC  |d TXA  |d UtOrBLW 
049 |a TXAM  |c 1 [910993]  |c 2 [340151] 
050 0 0 |a NA590  |b .M5 
082 0 |a 724.19 
100 1 |a Millon, Henry A. 
245 1 0 |a Baroque & rococo architecture. 
264 1 |a New York :  |b G. Braziller,  |c 1961. 
300 |a 127 pages :  |b 100 illustrations ;  |c 26 cm. 
336 |a text  |b txt  |2 rdacontent 
337 |a unmediated  |b n  |2 rdamedia 
338 |a volume  |b nc  |2 rdacarrier 
490 1 |a The Great ages of world architecture 
504 |a Bibliography: pages 113-122. 
650 0 |a Architecture, Baroque. 
650 0 |a Architecture, Rococo. 
830 0 |a Great ages of world architecture. 
999 |a MARS 
999 f f |s 90568c47-10db-3c43-8469-77d9322facb5  |i 2d5f433a-29b7-369a-be2b-bc3f293bac1e  |t 0 
952 f f |p ric  |a Texas A&M University  |b Rellis Campus  |c Joint Library Facility  |d Remote Storage  |t 0  |e NA590 .M5  |h Library of Congress classification  |i unmediated -- volume  |m A14803411273 
998 f f |a NA590 .M5  |t 0  |l Remote Storage